Multiple occupancy: the Glasgow experience (Record no. 73488)

MARC details
000 -LEADER
fixed length control field 01733cam a2200325 4500
001 - CONTROL NUMBER
control field ABS67073
008 - FIXED-LENGTH DATA ELEMENTS--GENERAL INFORMATION
fixed length control field 030930n2003 000 0 eng u
035 ## - SYSTEM CONTROL NUMBER
System control number (Sirsi) u123760
100 ## - MAIN ENTRY--PERSONAL NAME
Personal name Tytler, C.
245 ## - TITLE STATEMENT
Title Multiple occupancy: the Glasgow experience
260 ## - PUBLICATION, DISTRIBUTION, ETC.
Date of publication, distribution, etc. 2003
490 ## - SERIES STATEMENT
Series statement Scottish Planning and Environmental Law
Volume/sequential designation (98) August 2003, 77-79(3)
520 ## - SUMMARY, ETC.
Summary, etc. Examines the evolution of Glasgow City Council's planning policy for houses in multiple occupation (HMOs) and its relationship to environmental health matters. Glasgow City Council has been at the forefront of a corporate approach to HMOs and its experience highlights the advantages and disadvantages of the current legislative regime. Covers the history of HMOs, the need for a HMO planning policy and the policy in action and the complexities of defining HMOs. Discusses the national licensing scheme and its operation in Glasgow. Looks at the recent Scottish Executive licensing scheme consultations and draws conclusions about the future operation of the licensing scheme.
590 ## - LOCAL NOTE (RLIN)
Local note ABS
650 ## - SUBJECT ADDED ENTRY--TOPICAL TERM
Topical term or geographic name entry element ENVIRONMENTAL HEALTH
650 ## - SUBJECT ADDED ENTRY--TOPICAL TERM
Topical term or geographic name entry element CIVIC GOVERNMENT (SCOTLAND) ACT 1982
650 ## - SUBJECT ADDED ENTRY--TOPICAL TERM
Topical term or geographic name entry element SCOTLAND
650 ## - SUBJECT ADDED ENTRY--TOPICAL TERM
Topical term or geographic name entry element PLANNING AND COMPENSATION ACT 1991
650 ## - SUBJECT ADDED ENTRY--TOPICAL TERM
Topical term or geographic name entry element TOWN AND COUNTRY PLANNING (USE CLASSES) (SCOTLAND) ORDER 1997
650 ## - SUBJECT ADDED ENTRY--TOPICAL TERM
Topical term or geographic name entry element HOUSING (SCOTLAND) ACT 1966 S100
650 ## - SUBJECT ADDED ENTRY--TOPICAL TERM
Topical term or geographic name entry element HOUSES IN MULTIPLE OCCUPATION
650 ## - SUBJECT ADDED ENTRY--TOPICAL TERM
Topical term or geographic name entry element LICENSING OF HOUSES IN MULTIPLE OCCUPATION
650 ## - SUBJECT ADDED ENTRY--TOPICAL TERM
Topical term or geographic name entry element CIVIC GOVERNMENT (SCOTLAND) ACT 1982 (LICENSING OF HOUSES IN MULTIPLE OCCUPATION) ORDER 2000
650 ## - SUBJECT ADDED ENTRY--TOPICAL TERM
Topical term or geographic name entry element MULTIPLE OCCUPANCY
650 ## - SUBJECT ADDED ENTRY--TOPICAL TERM
Topical term or geographic name entry element GLASGOW
650 ## - SUBJECT ADDED ENTRY--TOPICAL TERM
Topical term or geographic name entry element PLANNING POLICY
690 ## - LOCAL SUBJECT ADDED ENTRY--TOPICAL TERM (OCLC, RLIN)
Topical term or geographic name as entry element HOUSING
700 ## - ADDED ENTRY--PERSONAL NAME
Personal name Harold, E.
942 ## - ADDED ENTRY ELEMENTS (KOHA)
Suppress in OPAC 0
Holdings
Withdrawn status Lost status Source of classification or shelving scheme Damaged status Not for loan Home library Current library Shelving location Date acquired Total Checkouts Full call number Barcode Date last seen Copy number Price effective from Koha item type
    Dewey Decimal Classification     London London Journal article 30/09/2003   ABS67073 123760-1001 06/08/2019 1 06/08/2019 Journal article